00576 2200181 4500001002100000005001500021035002000036007000300056008004100059082001000100084001600110100002600126245007300152260002800225300004200253520008300295600001600378INLIS00000000000063320211018093138 a0010-1021000038ta211018 b 1 ind  a398.2 a398.2 YUD d0 aYudhistira Ikranegara1 aDongeng pengantar tidur :bPutri cinderella /cYudhistira Ikranegara aJakarta :bCV.Dua media a32 Halaman :bIlustrasi ;c21 x 15 cm aMendongeng kepada anak-anaknya dapat menghadiakan buku ini kepada si buah hati 4aCerita Anak